Análisis y evaluación de proyectos de inversión
保存先:
| 第一著者: | |
|---|---|
| フォーマット: | 図書 |
| 出版事項: |
México, Distrito Federal : Limusa
1996
|
| 主題: | |
| タグ: |
タグ追加
タグなし, このレコードへの初めてのタグを付けませんか!
|
MARC
| LEADER | 00000nam a2200000Ia 4500 | ||
|---|---|---|---|
| 003 | 000428 | ||
| 005 | 20221231144013.0 | ||
| 008 | 140114s1996 mx a 000 ||s d | ||
| 040 | |c cru CEDI | ||
| 082 | |a 658.152.7 C836a | ||
| 100 | |a Coss Bu, Raúl |9 18543 | ||
| 245 | |a Análisis y evaluación de proyectos de inversión | ||
| 260 | |a México, Distrito Federal : Limusa |c 1996 | ||
| 300 | |a 375 páginas; ilustraciones | ||
| 650 | |x INVERSIONES DE CAPITAL |9 7106 | ||
| 942 | |2 ddc |c BK | ||
| 999 | |c 15481 |d 15481 | ||
